[Event "Moscow op-F (Women)"]
[Site "Moscow"]
[Date "2011.02.01"]
[Round "4"]
[White "Vanchikova, Dulma"]
[Black "Loginova, Tatiana"]
[Result "1-0"]
[WhiteElo "1719"]
[BlackElo "1599"]
[PlyCount "101"]
[EventDate "2011.01.29"]
[EventType "swiss"]
[EventRounds "9"]
[EventCountry "RUS"]
[SourceTitle "CBM 140 Extra"]
[Source "ChessBase"]
[SourceDate "2011.03.01"]
[SourceVersion "1"]
[SourceVersionDate "2011.03.01"]
[SourceQuality "1"]

1. e4 c6 2. Nf3 d5 3. exd5 cxd5 4. h3 Bf5 5. Bb5+ Nc6 6. Nd4 Bd7 7. Nxc6 Bxc6 8. Bxc6+ bxc6 9. d4 e6 10. c3 Nf6 11. 0-0 c5 12. Be3 c4 13. Nd2 Be7 14. f4 0-0 15. f5 Nd7 16. Qg4 Kh8 17. fxe6 Nf6 18. Qf5 g6 19. Qe5 fxe6 20. Bh6 Re8 21. Bg5 Rf8 22. Qxe6 Rb8 23. b3 Rb6 24. Qe5 cxb3 25. axb3 Qd7 26. Rae1 Bd8 27. b4 Kg7 28. Qf4 Kg8 29. Qh4 Rc6 30. Rf3 Qc7 31. Ree3 Qb8 32. Nb3 Qc7 33. Nc5 Qc8 34. Qe1 Kf7 35. Qf1 Kg7 36. Qe1 Kf7 37. Qh4 Kg8 38. Re1 h5 39. Ref1 Kg7 40. Qf4 Kg8 41. Bh6 Rf7 42. Qg5 Kh7 43. Qf4 Be7 44. Bg5 Kg7 45. Qe5 Qh8 46. Ne6+ Kh7 47. Bxf6 Bxf6 48. Rxf6 Rxf6 49. Rxf6 Rc8 50. Ng5+ Kh6 51. Nf7+ 1-0

[Event "Moscow op (Women)"]
[Site "Moscow"]
[Date "2009.02.02"]
[Round "3"]
[White "Vanchikova, Dulma"]
[Black "Paramzina, Anastasya"]
[Result "0-1"]
[WhiteElo "1799"]
[BlackElo "1400"]
[PlyCount "74"]
[EventDate "2009.01.31"]
[EventType "swiss"]
[EventRounds "9"]
[EventCountry "RUS"]
[SourceTitle "EXT 2012"]
[Source "ChessBase"]
[SourceDate "2011.11.24"]
[SourceVersion "1"]
[SourceVersionDate "2011.11.24"]
[SourceQuality "1"]

1. e4 c5 2. Nf3 e6 3. Nc3 a6 4. a4 d6 5. Bc4 Nf6 6. d3 Be7 7. 0-0 0-0 8. h3 Nc6 9. Ne2 d5 10. exd5 exd5 11. Bb3 h6 12. Nh2 Bd6 13. f4 Re8 14. Ng3 Qb6 15. Kh1 Nd4 16. Ba2 Bd7 17. c3 Nf5 18. Nxf5 Bxf5 19. Qf3 Qc6 20. Bb3 Re7 21. Bd2 Rae8 22. Rf2 Bc7 23. Nf1 c4 24. Bc2 cxd3 25. Bxd3 Bxd3 26. Qxd3 Ne4 27. Rf3 Qg6 28. Be3 Ng3+ 29. Nxg3 Qxd3 30. Bd4 Re1+ 31. Rxe1 Rxe1+ 32. Kh2 Qd1 33. b4 g5 34. Bf2 Re8 35. fxg5 hxg5 36. Bd4 Re1 37. Bf2 Rh1# 0-1

[Event "Moscow op-C 04th (Women)"]
[Site "Moscow"]
[Date "2008.02.07"]
[Round "6"]
[White "Milashevskaja, Valentina"]
[Black "Vanchikova, Dulma"]
[Result "0-1"]
[WhiteElo "1816"]
[BlackElo "2313"]
[PlyCount "65"]
[EventDate "2008.02.02"]
[EventType "swiss"]
[EventRounds "9"]
[EventCountry "RUS"]
[SourceTitle "CBM 122 Extra"]
[Source "ChessBase"]
[SourceDate "2008.03.04"]
[SourceVersion "1"]
[SourceVersionDate "2008.03.04"]
[SourceQuality "1"]

1. d4 d5 2. c4 dxc4 3. e3 Nf6 4. Bxc4 b6 5. Nc3 Bb7 6. Nf3 e6 7. 0-0 Bd6 8. Re1 0-0 9. e4 Be7 10. h3 h6 11. Bf4 Nc6 12. a3 a6 13. d5 exd5 14. exd5 Na7 15. Ne5 Bd6 16. Qf3 Kh7 17. Rad1 Nc8 18. h4 Ne7 19. h5 Bc8 20. Bd3+ Bf5 21. Bxf5+ Nxf5 22. Qd3 g6 23. hxg6+ fxg6 24. f3 Nh5 25. Bh2 Qg5 26. Ne4 Qh4 27. Nxd6 cxd6 28. Re4 Qd8 29. Nc6 Qf6 30. Qd2 Rfe8 31. Rde1 Rxe4 32. Rxe4 Nh4 33. Re7+ 0-1

[Event "Moscow op-C 04th (Women)"]
[Site "Moscow"]
[Date "2008.02.03"]
[Round "2"]
[White "Gorbunova, Alexandra"]
[Black "Vanchikova, Dulma"]
[Result "1-0"]
[WhiteElo "2113"]
[BlackElo "2313"]
[PlyCount "47"]
[EventDate "2008.02.02"]
[EventType "swiss"]
[EventRounds "9"]
[EventCountry "RUS"]
[SourceTitle "CBM 122 Extra"]
[Source "ChessBase"]
[SourceDate "2008.03.04"]
[SourceVersion "1"]
[SourceVersionDate "2008.03.04"]
[SourceQuality "1"]

1. d4 d5 2. c4 dxc4 3. e3 Nf6 4. Bxc4 Bf5 5. Nc3 e6 6. Nge2 Bd6 7. 0-0 a6 8. f3 Nc6 9. e4 Bg6 10. e5 Bxe5 11. dxe5 Nxe5 12. Bb3 Qxd1 13. Rxd1 c6 14. Bf4 Nd3 15. Rd2 0-0 16. Rad1 Nxf4 17. Nxf4 Nd5 18. Nxg6 hxg6 19. Ne4 Ne3 20. Rc1 Nd5 21. Nc5 b6 22. Bxd5 cxd5 23. Nd7 Rfd8 24. Nxb6 1-0

[Event "Moscow op-C 04th (Women)"]
[Site "Moscow"]
[Date "2008.02.02"]
[Round "1"]
[White "Vanchikova, Dulma"]
[Black "Melia, Salome"]
[Result "0-1"]
[WhiteElo "2313"]
[BlackElo "2362"]
[PlyCount "62"]
[EventDate "2008.02.02"]
[EventType "swiss"]
[EventRounds "9"]
[EventCountry "RUS"]
[SourceTitle "CBM 122 Extra"]
[Source "ChessBase"]
[SourceDate "2008.03.04"]
[SourceVersion "1"]
[SourceVersionDate "2008.03.04"]
[SourceQuality "1"]

1. e4 c5 2. Bc4 e6 3. Nf3 Nc6 4. a3 d5 5. exd5 exd5 6. Ba2 Nf6 7. h3 Be7 8. 0-0 0-0 9. d3 h6 10. Nc3 d4 11. Ne2 Bd6 12. Nh2 Qc7 13. f4 Ne7 14. Nf3 Ned5 15. Nh4 Re8 16. Rf3 Ne3 17. Bxe3 Rxe3 18. Qf1 Rxf3 19. Qxf3 Bd7 20. Rf1 Re8 21. Nc1 Re3 22. Qf2 Nh5 23. Ne2 Kf8 24. Bd5 Nf6 25. Bb3 b5 26. Nc1 c4 27. dxc4 bxc4 28. Ba2 Ne4 29. Qxe3 dxe3 30. f5 Bh2+ 31. Kh1 Nf2+ 0-1